[Event "IECG email"]
[Site "IECG email"]
[Date "2009.03.25"]
[Round "?"]
[White "Hughes, Steve"]
[Black "Pires, Martin"]
[Result "1-0"]
[WhiteElo "2393"]
[BlackElo "2265"]
[PlyCount "63"]
[EventDate "2009.03.25"]
[EventType "tourn (corr)"]
[EventRounds "6"]
[SourceTitle "Corr 2024"]
[Source "ChessBase"]
[SourceDate "2023.10.19"]
[SourceVersion "1"]
[SourceVersionDate "2023.10.19"]
[SourceQuality "1"]

1. e4 c5 2. c3 d5 3. exd5 Qxd5 4. d4 Nf6 5. Nf3 Nc6 6. Be3 cxd4 7. cxd4 e6 8. Nc3 Qd6 9. a3 Be7 10. Bd3 0-0 11. 0-0 b6 12. Nb5 Qd8 13. Rc1 Bb7 14. Qe2 Rc8 15. Rfd1 Nd5 16. h3 Qd7 17. Ne5 Nxe5 18. dxe5 Rxc1 19. Bxc1 a6 20. Nd4 b5 21. Nf3 g6 22. Bd2 Rd8 23. Ba5 Rc8 24. Qe1 Nf4 25. Bf1 Nd5 26. Qe4 Bf8 27. Qd4 Rc2 28. Bb4 Bxb4 29. axb4 Qc7 30. Ne1 Rc6 31. b3 Rc3 32. Nd3 1-0

[Event "IECG WC.2011.S.00002 email"]
[Site "IECG email"]
[Date "2008.10.23"]
[Round "?"]
[White "Ibar, Marcelo Rodolfo"]
[Black "Hughes, Steve"]
[Result "0-1"]
[WhiteElo "2208"]
[BlackElo "2347"]
[PlyCount "64"]
[EventDate "2008.10.23"]
[EventType "tourn (corr)"]
[EventRounds "10"]
[SourceTitle "Corr 2024"]
[Source "ChessBase"]
[SourceDate "2023.10.19"]
[SourceVersion "1"]
[SourceVersionDate "2023.10.19"]
[SourceQuality "1"]

1. d4 d5 2. Nf3 Nf6 3. c4 c6 4. Nc3 e6 5. e3 Nbd7 6. Qc2 Bd6 7. g4 dxc4 8. Bxc4 0-0 9. Rg1 e5 10. h3 exd4 11. Nxd4 Bh2 12. Rg2 Be5 13. Nf3 Bxc3+ 14. bxc3 Qa5 15. Bb2 Nc5 16. Nd4 Be6 17. Nxe6 fxe6 18. f4 Rad8 19. Rd1 Nd5 20. Re2 b5 21. Bb3 g5 22. Bc1 Nxb3 23. Qxb3 c5 24. Kf2 c4 25. Qc2 Qc7 26. Kg2 b4 27. fxg5 Nxc3 28. Rxd8 Qxd8 29. Re1 Qd3 30. Qxd3 cxd3 31. Bd2 Ne4 32. Bxb4 Rf2+ 0-1

[Event "North American op"]
[Site "Las Vegas"]
[Date "1995.??.??"]
[Round "4"]
[White "Hughes, Steve"]
[Black "Palatnik, Semon"]
[Result "1/2-1/2"]
[WhiteElo "2170"]
[BlackElo "2490"]
[PlyCount "30"]
[EventDate "1995.12.??"]
[EventType "swiss"]
[EventRounds "6"]
[EventCountry "USA"]
[SourceTitle "EXT 1998"]
[Source "ChessBase"]
[SourceDate "1997.11.17"]
[SourceVersion "1"]
[SourceVersionDate "1997.11.17"]
[SourceQuality "1"]

1. e4 c5 2. Nf3 d6 3. d4 cxd4 4. Nxd4 Nf6 5. Nc3 a6 6. Be2 e6 7. a4 Nc6 8. 0-0 Be7 9. Kh1 0-0 10. f4 Qc7 11. Bf3 Nxd4 12. Qxd4 e5 13. Qf2 exf4 14. Bxf4 Be6 15. Rad1 Nd7 1/2-1/2